| 000 | 00389nam a22001697a 4500 | ||
|---|---|---|---|
| 005 | 20160614094529.0 | ||
| 008 | 160614b xxu||||| |||| 00| 0 eng d | ||
| 020 | _a81-8307-345-7 | ||
| 041 | _aeng | ||
| 082 | _b7309 | ||
| 100 |
_aMaKoswki, Fran cos _91828 |
||
| 245 | _aFrench made easy | ||
| 260 |
_bGoyal Publising _c2005 |
||
| 300 | _a313 | ||
| 650 |
_aManagement _9241 |
||
| 942 | _cBK | ||
| 999 |
_c2570 _d2569 |
||